| 000 | 02287cpcaa2200469 4500 | ||
|---|---|---|---|
| 001 | mm 94082767 | ||
| 003 | DLC | ||
| 005 | 20260227111724.0 | ||
| 007 | cr ||||||||||| | ||
| 008 | 940621|||||||||||| eng | ||
| 010 | _amm 94082767 | ||
| 040 |
_aDLC _cDLC _edacs _dDLC |
||
| 072 | 7 |
_aW _2lcmd |
|
| 100 | 1 | _aCarmon, Alfred. | |
| 245 | 0 | 0 |
_aAlfred Carmon papers, _f1859-1865. |
| 300 |
_a65 _fitems. |
||
| 300 |
_a1 _fcontainer. |
||
| 300 |
_a0.2 _flinear feet. |
||
| 506 | 0 | _aOpen to research. | |
| 520 | 8 | _aChiefly letters written by Carmon to his family in Sand Lake, N.Y., while serving with Company H, 169th New York Infantry Regiment, during the Civil War, describing camp life and skirmishes in Virginia, South Carolina, and Florida. Includes comments on Abraham Lincoln, Ulysses S. Grant, presidential election of 1864, and Robert E. Lee's surrender. | |
| 533 |
_aTranscripts and summaries of each letter are included in the collection. _b[S.l.]. |
||
| 545 | 0 | _aUnion army soldier. | |
| 546 | _aCollection material in English. | ||
| 555 | 8 |
_aFinding aid available in the Library of Congress Manuscript Reading Room and at _uhttp://hdl.loc.gov/loc.mss/eadmss.ms007012 |
|
| 600 | 1 | 0 |
_aGrant, Ulysses S. _q(Ulysses Simpson), _d1822-1885. |
| 600 | 1 | 0 |
_aLee, Robert E. _q(Robert Edward), _d1807-1870. |
| 600 | 1 | 0 |
_aLincoln, Abraham, _d1809-1865. |
| 610 | 1 | 0 |
_aUnited States. _bArmy. _bNew York Infantry Regiment, 169th (1862-1865) |
| 650 | 0 |
_aPresidents _zUnited States _xElection _y1864. |
|
| 651 | 0 |
_aFlorida _xHistory _yCivil War, 1861-1865. |
|
| 651 | 0 | _aSand Lake (N.Y.) | |
| 651 | 0 |
_aSouth Carolina _xHistory _yCivil War, 1861-1865. |
|
| 651 | 0 |
_aVirginia _xHistory _yCivil War, 1861-1865. |
|
| 651 | 0 |
_aUnited States _xHistory _yCivil War, 1861-1865 _xCampaigns. |
|
| 651 | 0 |
_aUnited States _xHistory _yCivil War, 1861-1865 _xPeace. |
|
| 651 | 0 |
_aUnited States _xHistory _yCivil War, 1861-1865 _xPersonal narratives. |
|
| 656 | 7 |
_aSoldiers. _2itoamc |
|
| 856 | 4 |
_3Finding aid _uhttp://hdl.loc.gov/loc.mss/eadmss.ms007012 |
|
| 856 | 4 |
_3Finding aid (PDF) _uhttp://hdl.loc.gov/loc.mss/eadmss.ms007012.3 |
|
| 999 |
_c44300 _d44300 |
||